Fuzzy logic with engineering applications, third edition / (Record no. 217166)

000 -LEADER
fixed length control field 00589 a2200169 4500
020 ## - INTERNATIONAL STANDARD BOOK NUMBER
International Standard Book Number 047074376X
020 ## - INTERNATIONAL STANDARD BOOK NUMBER
International Standard Book Number 9780470743768
082 ## - DEWEY DECIMAL CLASSIFICATION NUMBER
Classification number 620.001511313
090 ## - LOCALLY ASSIGNED LC-TYPE CALL NUMBER (OCLC); LOCAL CALL NUMBER (RLIN)
-- 1646
-- 1646
100 1# - MAIN ENTRY--PERSONAL NAME
Personal name Ross, Timothy J.
245 10 - TITLE STATEMENT
Title Fuzzy logic with engineering applications, third edition /
Statement of responsibility, etc. Timothy J. Ross.
250 ## - EDITION STATEMENT
Edition statement 2nd ed.
260 ## - PUBLICATION, DISTRIBUTION, ETC.
Place of publication, distribution, etc. India
Name of publisher, distributor, etc. Wiley (S. B. Printers),
Date of publication, distribution, etc. 2005.
300 ## - PHYSICAL DESCRIPTION
Extent xxi, 585
Dimensions 25 cm.
942 ## - ADDED ENTRY ELEMENTS (KOHA)
Institution code [OBSOLETE] SNS
Koha item type Book
Call number prefix 520.001511313 ROS
Holdings
Withdrawn status Lost status Source of classification or shelving scheme Damaged status Not for loan Collection code Permanent Location Current Location Date acquired Total Checkouts Full call number Barcode Date last seen Price effective from Koha item type
            Military College of Signals (MCS) Military College of Signals (MCS) 12/12/2016   620.001 ROS MCSEB-3448 12/08/2016 12/12/2016 Book
© 2023 Central Library, National University of Sciences and Technology. All Rights Reserved.